The future of contract law in Latin America (Registro nro. 308769)
[ vista simple ]
| 000 -ENCABEZADO | |
|---|---|
| Número de control [NR] | 01151cam a22002538i 4500 |
| 005 - FECHA Y HORA DE LA ÚLTIMA TRANSACCIÓN | |
| control field | 20171212182026.0 |
| 008 - DE LONGITUD FIJA DE DATOS DE ELEMENTOS - INFORMACIÓN GENERAL | |
| Elementos de longitud fija [NR] | 171212s2017 xxu rb 001 0 eng d |
| 010 ## - NUMERO DE CONTROL DE LA BIBLIOTECA DEL CONGRESO (LC) [NR] | |
| Número de control LC [NR] | 2017018591 |
| 020 ## - NUMERO INTERNACIONAL NORMALIZADO PARA LIBROS [R] | |
| Número Internacional Normalizado del libro [NR] | 9781509914272 |
| 040 ## - FUENTE DE CATALOGACION [NR] | |
| Agencia de catalogación original [NR] | CO-BoUCM |
| Idioma de catalogación [NR] | spa |
| Quien Cataloga | Sandra Palacio |
| Quien Clasifica | Sandra Palacio |
| 041 0# - CODIGO DE IDIOMA [R] | |
| Código de idioma para texto/pista de sonido o título separado [R] | Inglés |
| 245 04 - MENCION DE TITULO [NR] | |
| Título [NR] | The future of contract law in Latin America |
| Parte restante del título [NR] | the principles of Latin American contract law |
| Mención de responsabilidad, etc. [NR] | editado por Rodrigo Momberg and Stefan Vogenauer |
| 260 ## - PUBLICACION, DISTRIBUCION, ETC. (PIE DE IMPRENTA) [R] | |
| Lugar de publicación, distribución, etc. [R] | Portland (Oregón, Estados Unidos) |
| Nombre del editor, distribuidor, etc. [R] | Hart Publishing |
| Fecha de publicación, distribución, etc. [R] | 2017 |
| 300 ## - DESCRIPCION FISICA [R] | |
| Extensión [R] | xxxii, 320 páginas |
| 490 0# - MENCION DE SERIE [R] | |
| Mención de serie [R] | Studies of the Oxford Institute of European and Comparative Law |
| Designación numérica/secuencial del volumen [NR] | V. 24 |
| 650 17 - ASIENTO SECUNDARIO DE MATERIA - TERMINO TEMATICO [R] | |
| Término temático o nombre geográfico como elemento de entrada [NR] | Contratos |
| Subdivisión geográfica [R] | América Latina |
| 9 (RLIN) | 30267 |
| 650 27 - ASIENTO SECUNDARIO DE MATERIA - TERMINO TEMATICO [R] | |
| Término temático o nombre geográfico como elemento de entrada [NR] | Derecho civil |
| 9 (RLIN) | 12711 |
| 650 27 - ASIENTO SECUNDARIO DE MATERIA - TERMINO TEMATICO [R] | |
| Término temático o nombre geográfico como elemento de entrada [NR] | Derecho internacional privado |
| 9 (RLIN) | 7497 |
| 700 1# - ASIENTO SECUNDARIO - NOMBRE PERSONAL [R] | |
| Nombre personal [NR] | Momberg Uribe, R. A. |
| Forma más completa del nombre [NR] | (Rodrigo Andres) |
| Término de relación [R] | editor |
| 9 (RLIN) | 90339 |
| 700 1# - ASIENTO SECUNDARIO - NOMBRE PERSONAL [R] | |
| Nombre personal [NR] | Vogenauer, Stefan |
| Fechas asociadas con el nombre [NR] | 1968- |
| Término de relación [R] | editor |
| 9 (RLIN) | 90340 |
| 776 08 - ASIENTO DE SOPORTE FISICO ADICIONAL [R] | |
| Texto del despliegue [NR] | Online version: |
| Título [NR] | Future of contract law in Latin America |
| Lugar, editorial y fecha de publicación [NR] | Portland, Oregon : Hart Publishing, 2017 |
| Número Internacional Normalizado para Libros - ISBN [R] | 9781509914296 |
| Número de control del registro [R] | (DLC) 2017020856 |
| 942 ## - ELEMENTOS DE ENTRADA AGREGADOS (KOHA) | |
| Sistema de clasificación | DEWEY |
| Tipo de ítem principal el descrito en 300a | Libro |
| Tema principal | Derecho |
| Edición | 1 |
| Clasificación | 346.802 |
| Parte restante de la signatura top. | F996fc |
| Signatura topográfica | Código de barras | Última vez visto | Ejemplar | Costo de reposición | Price effective from | Tipo de ítem | Perdido | Sistema de clasificación | Dañado | No prestable | Tipo de ítem específico | Suprimido | Ubicación habitual | Ubicación actual | Localización | Fecha de creación | Proveedor | Forma de adquisición | Costo |
|---|---|---|---|---|---|---|---|---|---|---|---|---|---|---|---|---|---|---|---|
| 346.802 F996fc | 100153597 | 06/06/2024 | Ej.1 | 288515.00 | 07/12/2017 | Libro | DEWEY | Libro | Bodega | Bodega | 3er piso | 07/12/2017 | 15 | Compra | 288515.00 |